00302nam a2200109 a 450000500170000000800410001705000180005810000220007624500380009826000350013644000210017120140414131929.0100901s19uu xx 00 eng d aFICbSt5 2000 aStilton, Geronimo aCat and mouse in a hounted house. aNew York :bScholastic,c2001. aGeronimo Stilton